| 000 | 007330000a22001810004500 | ||
|---|---|---|---|
| 003 | MACL | ||
| 005 | 20160601121955.0 | ||
| 008 | 160601b xxu||||| |||| 00| 0 eng d | ||
| 040 |
_aMACL _cMACL |
||
| 041 | _aHindi | ||
| 082 | _a910 | ||
| 100 |
_aनेगी, लक्ष्मण सिंह _949529 |
||
| 245 |
_aकल्पक्षेत्र की सांस्कृतिक एवं साहसिक यात्रा _cलक्ष्मण सिंह नेगी |
||
| 260 |
_bजय नन्दा देवी स्वरोजगार शिक्षण संस्थान _c2003 _aहिमाचल |
||
| 350 | _a150 | ||
| 650 |
_aTravel _961190 |
||
| 942 |
_cHIN _k900 _2ddc |
||
| 999 |
_c18086 _d18086 |
||